|
|
|
|
| LEADER |
00000nab a2200000 a 4500 |
| 001 |
vtls000280555 |
| 003 |
SK-MaSNL |
| 005 |
20260304212921.0 |
| 008 |
220422c1985 xo 0 slo |
| 015 |
|
|
|a SNBRA19rr/mm-uuuuu
|
| 035 |
|
|
|a CL0290673
|
| 040 |
|
|
|a SNKBUCL
|b slo
|c SNKBUCL
|e AACR2
|
| 041 |
0 |
|
|a slo
|
| 044 |
|
|
|a xo
|c SK
|
| 080 |
|
|
|a 595.77:591.65
|2 1981
|
| 080 |
|
|
|a 591.65
|2 1981
|
| 080 |
|
|
|a 574.2
|2 1981
|
| 100 |
1 |
|
|a Harvančík, Stanislav,
|d 1958-
|4 aut
|9 109395
|
| 245 |
1 |
0 |
|a Hematofágne dvojkrídlovce (Diptera) napádajúce vtákov na západnom Slovensku
|c Stanislav Harvančík, Vladimír Topercer
|
| 300 |
|
|
|b Graf 1. Res. angl., lit. 1 zázn. v češ.
|
| 650 |
0 |
7 |
|a hematofágne dvojkrídlovce
|2 SNK
|9 1545360
|
| 650 |
0 |
7 |
|a dvojkrídlovce
|2 SNKPH
|9 782
|
| 655 |
|
7 |
|a články zo zborníkov
|2 SNKPH
|9 166140
|
| 700 |
1 |
|
|a Topercer, Vladimír
|4 aut
|9 9040
|
| 773 |
0 |
|
|t Organizmy a prostredie. Zborník Pedagogickej fakulty v Nitre 1984
|d Nitra : Ped. fakulta, 1985
|g S. 149-152
|
| 850 |
|
|
|a Slovenská národná knižnica v Martine
|a MTA001
|
| 852 |
|
|
|a SNK
|b KIS3GCP
|
| 958 |
|
|
|a RK
|
| 958 |
|
|
|a ME
|
| 992 |
|
|
|a RZB
|
| 999 |
|
|
|c 3133448
|d 3135378
|